[Event "GRE-ch Online Blitz (Women) 1st"]
[Site "Tornelo INT"]
[Date "2021.02.07"]
[Round "15"]
[White "Raftopoulou, Konstantina"]
[Black "Anemogianni, Savvina"]
[Result "1-0"]
[WhiteElo "1174"]
[BlackElo "1056"]
[PlyCount "87"]
[EventDate "2021.02.07"]
[EventType "swiss (blitz)"]
[EventRounds "16"]
[EventCountry "GRE"]
[SourceTitle "EXT 2023"]
[Source "ChessBase"]
[SourceDate "2022.10.05"]
[SourceVersion "1"]
[SourceVersionDate "2022.10.05"]
[SourceQuality "1"]

1. b3 e5 2. Bb2 Nc6 3. e3 Nf6 4. Bb5 Bc5 5. Bxc6 dxc6 6. Bxe5 0-0 7. f4 Bf5 8. Nf3 Re8 9. 0-0 Bd6 10. Bb2 Qd7 11. Bxf6 gxf6 12. Nc3 Kh8 13. Nd4 Rg8 14. Rc1 Bh3 15. Rf2 Rg7 16. Qh5 Rag8 17. g3 Bg4 18. Qa5 Bh3 19. Ne4 f5 20. Nf6 b6 21. Qc3 Qe7 22. Nxg8 Rxg8 23. Nxf5+ Be5 24. Nxe7 Bxc3 25. Nxg8 Bb2 26. Rb1 Kxg8 27. Rxb2 a5 28. d3 Be6 29. c4 b5 30. cxb5 cxb5 31. Rfc2 c5 32. Rxc5 Bd7 33. Rbc2 Kg7 34. Rc7 Bf5 35. e4 Be6 36. d4 Bh3 37. Kf2 Bg4 38. Kg2 h5 39. R2c5 Kg6 40. Rxb5 h4 41. Rg5+ Kh7 42. Rxf7+ Kh6 43. Rxg4 Kh5 44. Rxh4+ 1-0

[Event "GRE-ch Online Rapid op 1st"]
[Site "Tornelo INT"]
[Date "2021.02.06"]
[Round "1"]
[White "Florakis, Konstantinos"]
[Black "Anemogianni, Savvina"]
[Result "1-0"]
[WhiteElo "1688"]
[BlackElo "1056"]
[PlyCount "59"]
[EventDate "2021.02.06"]
[EventType "swiss (rapid)"]
[EventRounds "8"]
[EventCountry "GRE"]
[SourceTitle "EXT 2023"]
[Source "ChessBase"]
[SourceDate "2022.10.05"]
[SourceVersion "1"]
[SourceVersionDate "2022.10.05"]
[SourceQuality "1"]

1. e4 c5 2. Nf3 d6 3. g3 Nf6 4. d3 e6 5. Bg2 Be7 6. 0-0 0-0 7. c3 b6 8. Nbd2 Bb7 9. Qe2 Nbd7 10. h3 Re8 11. Nh2 Bf8 12. f4 e5 13. f5 Rc8 14. c4 a6 15. g4 h6 16. Ndf3 Nh7 17. h4 b5 18. b3 bxc4 19. bxc4 Rb8 20. g5 hxg5 21. Nxg5 Nhf6 22. h5 Nb6 23. Ng4 Nxh5 24. Nxe5 Ng3 25. Qg4 Nxf1 26. Nexf7 Qf6 27. Qh3 Qxg5 28. Nxg5 Be7 29. Qh7+ Kf8 30. Qh8# 1-0